Traffic factors for Pakistan (Record no. 531679)

000 -LEADER
fixed length control field 00378nam a22001577a 4500
003 - CONTROL NUMBER IDENTIFIER
control field NUST
005 - DATE AND TIME OF LATEST TRANSACTION
control field 20191023122902.0
008 - FIXED-LENGTH DATA ELEMENTS--GENERAL INFORMATION
fixed length control field 191023b ||||| |||| 00| 0 eng d
038 ## - RECORD CONTENT LICENSOR
Staff Name MSOHAIL
082 ## - DEWEY DECIMAL CLASSIFICATION NUMBER
Classification number 0
100 ## - MAIN ENTRY--PERSONAL NAME
Personal name M.Sadiq Swati
9 (RLIN) 24630
245 ## - TITLE STATEMENT
Title Traffic factors for Pakistan
260 ## - PUBLICATION, DISTRIBUTION, ETC.
Place of publication, distribution, etc. Islamabad
Name of publisher, distributor, etc. NTRC
Date of publication, distribution, etc. 1982
300 ## - PHYSICAL DESCRIPTION
Extent 134,p;
Dimensions 25cm
Accompanying material H.B.
942 ## - ADDED ENTRY ELEMENTS (KOHA)
Source of classification or shelving scheme
Koha item type Book
Holdings
Withdrawn status Lost status Source of classification or shelving scheme Damaged status Not for loan Permanent Location Current Location Date acquired Source of acquisition Barcode Date last seen Price effective from Koha item type Total Checkouts
          School of Civil and Environmental Engineering (SCEE) School of Civil and Environmental Engineering (SCEE) 10/23/2019 NIT NIT-11597 10/23/2019 10/23/2019 Report  
          School of Civil and Environmental Engineering (SCEE) School of Civil and Environmental Engineering (SCEE) 10/23/2019   NIT-11598 10/23/2019 10/23/2019 Book  
© 2023 Central Library, National University of Sciences and Technology. All Rights Reserved.